000 00605nam a22001937a 4500
003 SISC
005 20160315153159.0
008 130905t xxu||||| |||| 00| 0 eng d
020 _a1851705570
050 _aNC 880
_b.W894 1997
082 _aHS 741.2
_bW84 1995
100 _aWoods, Gerald
_916693
245 _aPractical drawing with pastels :
_bthe comprehensive guide to materials and techniques /
_cGerald Woods.
260 _aLondon :
_bRandom House,
_cc1997.
300 _a144 p. :
_bcol. ill. ;
_c26 cm.
650 _aDrawing
_xpastels
_xtechnique
_916694
942 _2lcc
_cBK
999 _c10436
_d10436